[Event "Vienna GM February 2022"]
[Site "Vienna"]
[Date "2022.02.24"]
[Round "8.4"]
[White "Kraus, Tomas"]
[Black "Horvath, Dominik"]
[Result "0-1"]
[WhiteElo "2477"]
[BlackElo "2483"]
[Annotator "RC"]
[PlyCount "136"]
[EventDate "2022.02.16"]
[EventType "tourn"]
[EventCountry "AUT"]
[SourceTitle "playchess.com"]
[Source "ChessBase"]
[SourceQuality "1"]
[TimeControl "40/5400+30:1800+30"]

1. e4 {[%emt 0:00:04]} c5 {[%emt 0:01:28]} 2. Nf3 {[%emt 0:00:27]} Nc6 {[%emt 0:01:07]} 3. c3 {[%emt 0:00:09]} Nf6 {[%emt 0:00:13]} 4. e5 {[%emt 0:00:15]} Nd5 {[%emt 0:00:05]} 5. Bc4 {[%emt 0:00:22]} Nb6 {[%emt 0:00:04]} 6. Bb3 {[%emt 0:00:07]} c4 {[%emt 0:00:30]} 7. Bc2 {[%emt 0:00:06]} d5 {[%emt 0:00:02]} 8. exd6 {[%emt 0:00:24]} Qxd6 {[%emt 0:00:06]} 9. O-O {[%emt 0:00:35]} Bg4 {[%emt 0:00:06]} 10. h3 {[%emt 0:00:39]} Bh5 {[%emt 0:00:04]} 11. Re1 {[%emt 0:01:05]} O-O-O {[%emt 0:00:41]} 12. b3 {[%emt 0:02:16]} Qf6 {[%emt 0:02:53]} 13. Na3 {[%emt 0:02:20]} Nd5 {[%emt 0:03:07]} 14. Nxc4 {[%emt 0:00:16]} b5 {[%emt 0:00:05]} 15. Be4 {[%emt 0:08:48]} bxc4 {[%emt 0:00:45]} 16. Qe2 {[%emt 0:03:10]} Ne5 {[%emt 0:02:10]} 17. g4 {[%emt 0:03:35]} Nf4 {[%emt 0:00:04]} 18. Qe3 {[%emt 0:05:55]} Nxf3+ {[%emt 0:14:20]} 19. Bxf3 {[%emt 0:11:16]} Nxh3+ {[%emt 0:00:07]} 20. Kg2 {[%emt 0:04:35]} Rd3 {[%emt 0:01:29]} 21. Qc5+ {[%emt 0:09:28]} Kb8 {[%emt 0:00:11]} 22. Qb5+ {[%emt 0:04:13]} Qb6 {[%emt 0:01:27]} 23. Qxb6+ {[%emt 0:00:41]} axb6 {[%emt 0:00:10]} 24. gxh5 {[%emt 0:00:07]} Nf4+ {[%emt 0:02:18]} 25. Kg3 {[%emt 0:00:05]} Nxh5+ {[%emt 0:01:27]} 26. Kg2 {[%emt 0:02:56]} Nf4+ {[%emt 0:01:07]} 27. Kg3 {[%emt 0:00:05]} e6 {[%emt 0:05:20]} 28. Kxf4 {[%emt 0:12:00]} Bd6+ {[%emt 0:00:06]} 29. Kg4 {[%emt 0:00:03]} h5+ {[%emt 0:00:32]} 30. Kh3 {[%emt 0:00:05]} Rxf3+ {[%emt 0:00:04]} 31. Kg2 {[%emt 0:00:06]} Rd3 {[%emt 0:03:36]} 32. bxc4 {[%emt 0:00:09]} Bc5 {[%emt 0:00:18]} 33. Rh1 {[%emt 0:04:55]} g5 {[%emt 0:04:11]} 34. a4 {[%emt 0:01:23]} h4 {[%emt 0:02:32]} 35. a5 {[%emt 0:00:51]} g4 {[%emt 0:16:58]} 36. Kf1 {[%emt 0:04:55]} e5 {[%emt 0:01:22]} 37. Ke2 {[%emt 0:01:12]} Rf3 {[%emt 0:00:43]} 38. Rh2 {[%emt 0:03:02]} h3 {[%emt 0:05:24]} 39. Ba3 {[%emt 0:01:24]} Kb7 {[%emt 0:00:39]} 40. Bxc5 {[%emt 0:02:48]} bxc5 {[%emt 0:00:04]} 41. Rb1+ {[%emt 0:31:22]} Ka7 {[%emt 0:31:37]} 42. Rb5 {[%emt 0:02:38]} Rc8 {[%emt 0:05:03]} 43. Rb6 {[%emt 0:02:43]} e4 {[%emt 0:00:37]} 44. Rh1 {[%emt 0:01:24]} f5 {[%emt 0:02:18]} 45. Rh6 {[%emt 0:07:09]} Rc7 {[%emt 0:01:08]} 46. Rb1 {[%emt 0:00:00]} Rb7 {[%emt 0:00:00]} 47. Rb5 {[%emt 0:00:00]} f4 {[%emt 0:00:00]} 48. Rxb7+ {[%emt 0:00:00]} Kxb7 {[%emt 0:00:00]} 49. Rh4 {[%emt 0:00:00]} e3 {[%emt 0:00:00]} 50. dxe3 {[%emt 0:00:00]} fxe3 {[%emt 0:00:00]} 51. Rxg4 {[%emt 0:00:00]} exf2 {[%emt 0:00:00]} 52. Kf1 {[%emt 0:00:00]} Ka6 {[%emt 0:00:00]} 53. Rg6+ {[%emt 0:01:16]} Kxa5 {[%emt 0:00:00]} 54. Rc6 {[%emt 0:01:25]} Rf5 {[%emt 0:01:54]} 55. Rh6 {[%emt 0:00:07]} Ka4 {[%emt 0:00:43]} 56. Rxh3 {[%emt 0:00:12]} Kb3 {[%emt 0:00:03]} 57. Rh4 {[%emt 0:00:29]} Kxc3 {[%emt 0:00:05]} 58. Rg4 {[%emt 0:00:22]} Kb4 {[%emt 0:01:36]} 59. Rh4 {[%emt 0:00:14]} Rf3 {[%emt 0:00:07]} 60. Rg4 {[%emt 0:00:31]} Rc3 {[%emt 0:01:40]} 61. Kxf2 {[%emt 0:00:15]} Rxc4 {[%emt 0:00:02]} 62. Rg1 {[%emt 0:00:17]} Rc2+ {[%emt 0:03:11]} 63. Ke3 {[%emt 0:00:12]} Kc3 {[%emt 0:00:18]} 64. Rb1 {[%emt 0:03:02]} c4 {[%emt 0:00:04]} 65. Rb8 {[%emt 0:00:55]} Rh2 {[%emt 0:00:13]} 66. Rb7 {[%emt 0:00:38]} Kc2 {[%emt 0:00:17]} 67. Ra7 {[%emt 0:00:12]} Rh3+ {[%emt 0:01:02]} 68. Ke2 {[%emt 0:00:46]} c3 {[%emt 0:00:20]} 0-1

[Event "Vienna GM February 2022"]
[Site "Vienna"]
[Date "2022.02.24"]
[Round "8.5"]
[White "Sahidi, Samir"]
[Black "Baenziger, Fabian"]
[Result "1/2-1/2"]
[WhiteElo "2432"]
[BlackElo "2418"]
[Annotator "RC"]
[PlyCount "81"]
[EventDate "2022.02.16"]
[EventType "tourn"]
[EventCountry "AUT"]
[SourceTitle "playchess.com"]
[Source "ChessBase"]
[SourceQuality "1"]
[TimeControl "40/5400+30:1800+30"]

1. d4 {[%emt 0:00:04]} d5 {[%emt 0:00:16]} 2. Nf3 {[%emt 0:00:42]} Nf6 {[%emt 0:00:17]} 3. c4 {[%emt 0:02:05]} c6 {[%emt 0:00:59]} 4. e3 {[%emt 0:01:45]} Bf5 {[%emt 0:00:25]} 5. Nc3 {[%emt 0:07:35]} e6 {[%emt 0:00:50]} 6. Bd3 {[%emt 0:01:48]} Bxd3 {[%emt 0:02:29]} 7. Qxd3 {[%emt 0:00:06]} Bb4 {[%emt 0:01:08]} 8. O-O {[%emt 0:02:56]} Nbd7 {[%emt 0:02:03]} 9. Bd2 {[%emt 0:02:04]} a5 {[%emt 0:01:29]} 10. Rfd1 {[%emt 0:13:50]} O-O {[%emt 0:01:12]} 11. Rab1 {[%emt 0:04:07]} Re8 {[%emt 0:04:59]} 12. a3 {[%emt 0:05:34]} Be7 {[%emt 0:02:17]} 13. Rbc1 {[%emt 0:06:08]} Qb6 {[%emt 0:10:38]} 14. a4 {[%emt 0:08:51]} Qa6 {[%emt 0:14:09]} 15. b3 {[%emt 0:01:18]} Ba3 {[%emt 0:00:59]} 16. Ra1 {[%emt 0:00:54]} Bb4 {[%emt 0:04:33]} 17. Ne2 {[%emt 0:05:33]} Bxd2 {[%emt 0:15:42]} 18. Rxd2 {[%emt 0:01:43]} e5 {[%emt 0:01:29]} 19. dxe5 {[%emt 0:02:38]} Nxe5 {[%emt 0:00:06]} 20. Nxe5 {[%emt 0:00:38]} Rxe5 {[%emt 0:00:04]} 21. h3 {[%emt 0:09:15]} Qb6 {[%emt 0:04:25]} 22. Qd4 {[%emt 0:03:46]} Qc7 {[%emt 0:05:23]} 23. Nc3 {[%emt 0:02:41]} Qe7 {[%emt 0:08:22]} 24. Rad1 {[%emt 0:00:59]} dxc4 {[%emt 0:01:12]} 25. bxc4 {[%emt 0:01:07]} h6 {[%emt 0:04:30]} 26. Rb1 {[%emt 0:03:34]} Ne4 {[%emt 0:06:53]} 27. Nxe4 {[%emt 0:03:05]} Rxe4 {[%emt 0:00:05]} 28. Qd3 {[%emt 0:02:22]} Re8 {[%emt 0:01:39]} 29. Rdb2 {[%emt 0:01:38]} Rd8 {[%emt 0:02:47]} 30. Qc2 {[%emt 0:01:37]} Qe6 {[%emt 0:00:21]} 31. Rc1 {[%emt 0:00:23]} Rd7 {[%emt 0:00:35]} 32. Qc3 {[%emt 0:00:24]} Qe5 {[%emt 0:01:03]} 33. Qxe5 {[%emt 0:01:10]} Rxe5 {[%emt 0:00:04]} 34. Kf1 {[%emt 0:00:25]} f5 {[%emt 0:02:28]} 35. Ke2 {[%emt 0:01:28]} Kf7 {[%emt 0:00:31]} 36. Rd2 {[%emt 0:01:45]} Rxd2+ {[%emt 0:00:51]} 37. Kxd2 {[%emt 0:00:08]} b5 {[%emt 0:00:25]} 38. cxb5 {[%emt 0:02:12]} cxb5 {[%emt 0:00:04]} 39. Rc7+ {[%emt 0:00:33]} Kf6 {[%emt 0:00:22]} 40. Rc6+ {[%emt 0:00:48]} Kf7 {[%emt 0:00:35]} 41. axb5 {[%emt 0:30:09]} 1/2-1/2

[Event "Vienna GM February 2022"]
[Site "Vienna"]
[Date "2022.02.25"]
[Round "9.1"]
[White "Dragnev, Valentin"]
[Black "Baenziger, Fabian"]
[Result "1-0"]
[WhiteElo "2533"]
[BlackElo "2418"]
[Annotator "TA"]
[PlyCount "149"]
[EventDate "2022.02.16"]
[EventType "tourn"]
[EventCountry "AUT"]
[SourceTitle "playchess.com"]
[Source "ChessBase"]
[SourceQuality "1"]

{[%evp 9,149,0,8,0,-7,0,8,-6,3,0,6,0,0,0,0,0,4,6,6,4,6,0,0,0,0,0,0,0,0,0,14,0,11,0,0,0,0,0,0,0,0,1,18,4,5,5,151,166,158,141,136,136,136,136,136,139,153,143,143,133,248,133,356,335,372,339,317,304,479,476,464,463,846,845,774,818,857,880,816,652,794,763,742,738,1111,1082,974,842,739,692,562,469,1158,1104,2497,1002,771,0,2606,649,2373,2206,1624,1381,29966,29967,29969,29970,29972,29966,29974,29968,29971,29971,29970,29970,29971,29971,29971,29972,29972,29968,29967,29966,29971,29971,29972,29973,29973,29973,29974,29972,29972,29973,29965,29967,29967,29968,29956,29966,29951,29951]} 1. e4 e5 2. Nf3 Nc6 3. Bb5 a6 4. Ba4 Nf6 {[%cal Bg8f6,Bf6d7,Bd7c5][%mdl 32]} 5. Nc3 Bc5 6. Bxc6 {C77: Ruy Lopez: 3...a6 4 Ba4 Nf6, unusual lines.} dxc6 7. d3 Nd7 8. Be3 {The position is equal.} Qe7 {[#]} 9. O-O $146 ({Predecessor:} 9. Qe2 Bb4 10. O-O O-O 11. Qe1 Re8 12. a3 Bd6 13. Nd2 Nf8 14. Ne2 Ng6 15. Nc4 {½-½ (72) Kasparov,S (2502)-Wacker,P (2301) Bregenz 2015}) 9... O-O 10. Bxc5 Nxc5 11. Nxe5 Qxe5 12. d4 Qe7 13. dxc5 Qxc5 14. Qd2 Be6 15. Rfd1 Bg4 16. Re1 Rad8 17. Qf4 {[%csl LRc7,LRg4]} Be6 18. Rad1 Qb4 {aiming for ...Rxd1.} 19. Qc1 ({Of course not} 19. Qxc7 Rxd1 20. Rxd1 Qxb2 $17) 19... Qc5 20. a3 b5 21. Rxd8 Rxd8 22. Qe3 Qxe3 23. Rxe3 $11 {[%mdl 4096] Endgame KRB-KRN} c5 {[#] White must now prevent ...b4.} 24. Rd3 Rxd3 25. cxd3 {KB-KN} Bb3 26. Kf1 b4 27. Ne2 c4 {Black is on the road to losing.} (27... Bc2 $11) 28. axb4 $16 cxd3 29. Nc3 Kf8 30. Ke1 Ke7 31. Kd2 Kd6 32. Kxd3 c5 33. b5 axb5 34. Nxb5+ Ke5 {[#]} (34... Kc6 $16) 35. Na3 (35. Kc3 $1 $18 {[%cal Rc3b3]} Be6 36. f3) 35... f5 $2 (35... Ba4 $16 36. Kc4 Kd6 37. e5+ Kxe5) 36. Nc4+ $18 Ke6 37. Kc3 Ba4 38. exf5+ Kxf5 (38... Kf6 {was necessary.} 39. Ne3 Ke5) 39. Ne3+ Ke5 40. Kc4 {To avoid Bb5+} Kd6 (40... Ke4 $142 41. Nf1 Bc2) 41. Nf5+ Kc6 42. Nxg7 Bb5+ 43. Kc3 Bf1 44. g3 Kd5 45. Nh5 Ke5 {Prevents Nf6.} 46. Kd2 Kd4 47. Nf6 Bd3 48. Ng4 Bb1 49. f3 Bg6 50. Ne3 h5 (50... Ke5 $142 51. Kc3 Bh5 52. Nc4+ Ke6) 51. h4 Bh7 52. Ng2 (52. b3 $142 Bg8 53. Nc2+ Kd5 54. b4) 52... Bg6 53. Ne3 (53. Ne1 $142 Bf7 54. Ng2) 53... Bh7 $1 54. b3 {Threatens to win with Nc2+.} Bg8 55. Nc2+ Ke5 56. b4 cxb4 57. Nxb4 {White mates.} Be6 58. Ke3 Bf7 59. Nc6+ Kf5 60. Kd4 Be8 61. Nb4 Bf7 62. Nc2 Bg6 63. Ne3+ Ke6 64. Nd5 Bf7 65. Nf4+ Kf5 66. Ng2 Kf6 67. Ke4 Bg6+ 68. Kf4 Be8 69. Ne3 Bf7 70. Nd1 Bb3 71. Nc3 Bc2 72. Ne4+ Kg6 73. Ke5 Bd1 74. f4 Bg4 75. Nd6 {Weighted Error Value: White=0.11 (very precise) /Black=0.31} 1-0

[Event "Vienna GM February 2022"]
[Site "Vienna"]
[Date "2022.02.25"]
[Round "9.2"]
[White "Horvath, Dominik"]
[Black "Sahidi, Samir"]
[Result "1-0"]
[WhiteElo "2483"]
[BlackElo "2432"]
[Annotator "ChessBase"]
[PlyCount "107"]
[EventDate "2022.02.16"]
[EventType "tourn"]
[EventCountry "AUT"]
[SourceTitle "playchess.com"]
[Source "ChessBase"]
[SourceQuality "1"]
[TimeControl "40/5400+30:1800+30"]

1. e4 {[%emt 0:00:01]} e5 {[%emt 0:00:43]} 2. Nf3 {[%emt 0:00:14]} Nc6 {[%emt 0:00:09]} 3. Bb5 {[%emt 0:00:08]} a6 {[%emt 0:01:36]} 4. Ba4 {[%emt 0:00:04]} Nf6 {[%emt 0:01:51]} 5. O-O {[%emt 0:00:21]} b5 {[%emt 0:02:13]} 6. Bb3 {[%emt 0:00:05]} Bc5 {[%emt 0:00:09]} 7. a4 {[%emt 0:00:15]} Rb8 {[%emt 0:05:36]} 8. c3 {[%emt 0:00:06]} d6 {[%emt 0:00:54]} 9. d4 {[%emt 0:00:06]} Bb6 {[%emt 0:00:35]} 10. a5 {[%emt 0:05:23]} Ba7 {[%emt 0:08:49]} 11. Be3 {[%emt 0:05:21]} Bg4 {[%emt 0:10:35]} 12. h3 {[%emt 0:01:20]} Bxf3 {[%emt 0:04:55]} 13. gxf3 {[%emt 0:01:03]} exd4 {[%emt 0:14:50]} 14. cxd4 {[%emt 0:00:19]} d5 {[%emt 0:00:20]} 15. Re1 {[%emt 0:37:48]} dxe4 {[%emt 0:11:51]} 16. d5 {[%emt 0:00:11]} Bxe3 {[%emt 0:00:10]} 17. Rxe3 {[%emt 0:00:04]} Ne5 {[%emt 0:00:30]} 18. fxe4 {[%emt 0:00:57]} g5 {[%emt 0:04:27]} 19. Nd2 {[%emt 0:02:08]} Rg8 {[%emt 0:04:46]} 20. Nf3 {[%emt 0:05:48]} Nfd7 {[%emt 0:03:13]} 21. d6 {[%emt 0:05:06]} g4 {[%emt 0:10:14]} 22. Nxe5 {[%emt 0:00:24]} Nxe5 {[%emt 0:00:33]} 23. dxc7 {[%emt 0:07:13]} Qxc7 {[%emt 0:01:19]} 24. Rc1 {[%emt 0:05:07]} gxh3+ {[%emt 0:03:51]} 25. Rg3 {[%emt 0:05:59]} Rxg3+ {[%emt 0:00:47]} 26. fxg3 {[%emt 0:00:04]} Qa7+ {[%emt 0:00:25]} 27. Kh2 {[%emt 0:00:15]} Rd8 {[%emt 0:01:56]} 28. Bd5 {[%emt 0:05:26]} Qf2+ {[%emt 0:00:24]} 29. Kxh3 {[%emt 0:00:03]} Rd6 {[%emt 0:00:19]} 30. Qh5 {[%emt 0:00:02]} Qf6 {[%emt 0:03:52]} 31. Kg2 {[%emt 0:04:20]} h6 {[%emt 0:01:24]} 32. Rf1 {[%emt 0:01:20]} Qg5 {[%emt 0:00:48]} 33. Bxf7+ {[%emt 0:00:17]} Ke7 {[%emt 0:00:09]} 34. Qxg5+ {[%emt 0:00:13]} hxg5 {[%emt 0:00:06]} 35. Bd5 {[%emt 0:00:04]} Rf6 {[%emt 0:01:21]} 36. Rxf6 {[%emt 0:04:52]} Kxf6 {[%emt 0:00:06]} 37. Kf2 {[%emt 0:00:43]} Ke7 {[%emt 0:02:08]} 38. Ke3 {[%emt 0:00:10]} Kd6 {[%emt 0:00:09]} 39. b4 {[%emt 0:00:16]} Kc7 {[%emt 0:00:39]} 40. Kd4 {[%emt 0:01:01]} Nf3+ {[%emt 0:00:17]} 41. Kd3 {[%emt 0:30:10]} Ne5+ {[%emt 0:31:14]} 42. Ke3 {[%emt 0:00:59]} Kb8 {[%emt 0:00:42]} 43. Kd4 {[%emt 0:03:04]} Nf3+ {[%emt 0:00:09]} 44. Kc5 {[%emt 0:00:02]} Kc7 {[%emt 0:00:17]} 45. Ba8 {[%emt 0:00:00]} Nd2 {[%emt 0:00:00]} 46. e5 {[%emt 0:00:00]} Nf1 {[%emt 0:00:00]} 47. g4 {[%emt 0:00:00]} Ne3 {[%emt 0:00:00]} 48. e6 {[%emt 0:00:00]} Kd8 {[%emt 0:02:13]} 49. Bf3 {[%emt 0:00:00]} Ke7 {[%emt 0:00:21]} 50. Kb6 {[%emt 0:00:00]} Nc2 {[%emt 0:00:17]} 51. Kxa6 {[%emt 0:00:00]} Kxe6 {[%emt 0:00:44]} 52. Kxb5 {[%emt 0:00:00]} Kd7 {[%emt 0:00:40]} 53. a6 {[%emt 0:00:00]} Nd4+ {[%emt 0:00:50]} 54. Kb6 {[%emt 0:00:00]} 1-0

[Event "Vienna GM February 2022"]
[Site "Vienna"]
[Date "2022.02.25"]
[Round "9.3"]
[White "Diermair, Andreas"]
[Black "Kraus, Tomas"]
[Result "1/2-1/2"]
[WhiteElo "2469"]
[BlackElo "2477"]
[Annotator "ChessBase"]
[PlyCount "21"]
[EventDate "2022.02.16"]
[EventType "tourn"]
[EventCountry "AUT"]
[SourceTitle "playchess.com"]
[Source "ChessBase"]
[SourceQuality "1"]
[TimeControl "40/5400+30:1800+30"]

1. e4 {[%emt 0:00:02]} d6 {[%emt 0:00:05]} 2. d4 {[%emt 0:00:05]} g6 {[%emt 0:00:04]} 3. Nc3 {[%emt 0:00:04]} Bg7 {[%emt 0:00:03]} 4. Nf3 {[%emt 0:00:03]} Nf6 {[%emt 0:00:06]} 5. Be2 {[%emt 0:00:02]} O-O {[%emt 0:00:05]} 6. O-O {[%emt 0:00:02]} a6 {[%emt 0:00:07]} 7. a4 {[%emt 0:00:04]} Nc6 {[%emt 0:00:11]} 8. Bg5 {[%emt 0:00:06]} h6 {[%emt 0:00:10]} 9. Be3 {[%emt 0:00:09]} b6 {[%emt 0:00:32]} 10. h3 {[%emt 0:00:05]} Bb7 {[%emt 0:00:08]} 11. Re1 {[%emt 0:00:11]} 1/2-1/2

[Event "Vienna GM February 2022"]
[Site "Vienna"]
[Date "2022.02.25"]
[Round "9.4"]
[White "Menezes, Christoph"]
[Black "Nagy, Gabor"]
[Result "1/2-1/2"]
[WhiteElo "2415"]
[BlackElo "2530"]
[Annotator "TA"]
[PlyCount "39"]
[EventDate "2022.02.16"]
[EventType "tourn"]
[EventCountry "AUT"]
[SourceTitle "playchess.com"]
[Source "ChessBase"]
[SourceQuality "1"]

{[%evp 21,23,-18,-20,-19]} 1. Nf3 c5 2. c4 Nc6 3. Nc3 Nf6 4. e3 e6 5. d4 d5 6. cxd5 Nxd5 7. Bd3 Be7 8. O-O O-O 9. a3 b6 10. Qc2 Nxc3 11. bxc3 h6 12. Rd1 {[#] Not much happened in this game. D42: Queen's Gambit Declined: Semi-Tarrasch: 5 cxd5 Nxd5 6 e3 Nc6 7 Bd3 .} {Predecessor:} Bf6 $146 13. dxc5 Qc7 14. cxb6 axb6 15. Bb2 Ne5 16. Bh7+ Kh8 17. Be4 Ra5 18. c4 Nxf3+ 19. Bxf3 Bxb2 20. Qxb2 {1-0 (59) Aronian,L (2758)-Wang,H (2726) Douglas 2019} 1/2-1/2

[Event "Vienna GM February 2022"]
[Site "Vienna"]
[Date "2022.02.25"]
[Round "9.5"]
[White "Baumegger, Siegfried"]
[Black "Froewis, Georg"]
[Result "1/2-1/2"]
[WhiteElo "2464"]
[BlackElo "2449"]
[Annotator "ChessBase"]
[PlyCount "20"]
[EventDate "2022.02.16"]
[EventType "tourn"]
[EventCountry "AUT"]
[SourceTitle "playchess.com"]
[Source "ChessBase"]
[SourceQuality "1"]
[TimeControl "40/5400+30:1800+30"]

1. e4 {[%emt 0:00:05]} e6 {[%emt 0:00:01]} 2. d4 {[%emt 0:00:02]} d5 {[%emt 0:00:02]} 3. Nc3 {[%emt 0:00:02]} Bb4 {[%emt 0:00:02]} 4. e5 {[%emt 0:00:03]} c5 {[%emt 0:00:02]} 5. a3 {[%emt 0:00:05]} Bxc3+ {[%emt 0:00:05]} 6. bxc3 {[%emt 0:00:02]} Ne7 {[%emt 0:00:04]} 7. a4 {[%emt 0:00:03]} Qa5 {[%emt 0:00:02]} 8. Qd2 {[%emt 0:00:03]} Nbc6 {[%emt 0:00:03]} 9. Nf3 {[%emt 0:00:03]} Bd7 {[%emt 0:00:30]} 10. Bb5 cxd4 {[%emt 0:00:30]} 1/2-1/2